Biện pháp phát triển đội ngũ giảng viên cơ hữu của trường Đại học dan lập Duy Tân, thành phố Đà Nẵng trong giai đoạn hiên nay

Cơ sở lí luận. Thực trạng ... Biện pháp phát triển đội ngũ giảng viên..

Gardado en:
Detalles Bibliográficos
Autor Principal: Nguyễn Thị Tường Vy
Outros autores: Nguyễn Thị Mỹ Lộc PGS.TS (Hướng dẫn)
Formato: Libro
Idioma:Vietnamese
Publicado: Đà Nẵng Đại học Đà Nẵng 2007
Những chủ đề:
Các nhãn: Engadir etiqueta
Sen Etiquetas, Sexa o primeiro en etiquetar este rexistro!
Thư viện lưu trữ: Mạng thư viện Đại học Đà Nẵng
LEADER 01539nam a2200349 4500
001 000010775
003 6991
005 20111220141253.0
008 111220s2007 viesd
041 |a vie 
072 |a Luận văn Thạc sĩ Khoa học Giáo dục 
082 |a 378.04  |b NG-V 
100 |a Nguyễn Thị Tường Vy 
245 |a Biện pháp phát triển đội ngũ giảng viên cơ hữu của trường Đại học dan lập Duy Tân, thành phố Đà Nẵng trong giai đoạn hiên nay  |c Nguyễn Thị Tường Vy 
260 |a Đà Nẵng  |b Đại học Đà Nẵng  |c 2007 
300 |a 119tr.  |c 29 cm 
500 |a Luận văn Thạc sĩ Khoa học Giáo dục. Chuyên ngành: Quản lý Giáo dục. Mã số: 60.14.05 
520 |a Cơ sở lí luận. Thực trạng ... Biện pháp phát triển đội ngũ giảng viên.. 
653 |a Quản lý Giáo dục 
653 |a Luận văn Thạc sĩ Khoa học Giáo dục 
653 |a Giảng viên cơ hữu 
700 |a Nguyễn Thị Mỹ Lộc  |c PGS.TS  |e Hướng dẫn 
OWN |a LSP 
AVA |a UDN50  |b LSP  |d 378.04 NG-V  |e available  |t Error 5001 Not defined in file expand_doc_bib_avail.  |f 1  |g 0  |h N  |i 0  |k 1 
999 |a From the UDN01 
AVA |a UDN50  |b LSP  |d 378.04 NG-V  |e available  |t Error 5001 Not defined in file expand_doc_bib_avail.  |f 1  |g 0  |h N  |i 0  |k 1 
TYP |a Monograph 
TYP |a Printed language 
980 |a Mạng thư viện Đại học Đà Nẵng